000 00527nam a2200217Ia 4500
005 20251020182558.0
008 200515s9999 xx 000 0 und d
082 _aSC/331(058)/036/1979
110 _aOficina Internacional del Trabajo
245 0 _aAnuario de estadísticas del trabajo 1979
250 _a39a ed.
260 _aGinebra
260 _c1979
300 _a711
650 _aDESEMPLEO
650 _aEMPLEO
650 _aPOBLACION
650 _aSALARIOS
650 _aSEGURIDAD DEL TRABAJO
942 _cLIB
999 _c2972
_d2972